000
00233nam a22000857a 4500
008
170113b xxu||||| |||| 00| 0 eng d
100
_9
2384
_a
Pereira. S
245
_a
Frank Environmenatl Studies-2
260
_a
New Delhi
_b
Frank Brothers
_c
2007
999
_c
5389
_d
5389